Statistics for Countries With the Most Dutch Speakers

Click here to take the quiz!

General Stats

  • This quiz has been taken 1,981 times
    (1,745 since last reset)
  • The average score is 8 of 10

Answer Stats

# Speakers%Country% Correct
15,766,78694.2Netherlands
100%
6,064,86654.8Belgium
98%
93,8710.1Germany
95%
96,9080.2France
90%
183,8850.1United States
89%
30,4070.05United Kingdom
87%
99,0200.3Canada
77%
229,83146.6Suriname
77%
22,1670.3Switzerland
48%
23,8600.5New Zealand
32%

Score Distribution

Percentile by Number Answered

Percent of People with Each Score

Your Score History

You have not taken this quiz since the last reset